Nature Tourism/ (Record no. 174347)

MARC details
000 -LEADER
fixed length control field 00529nam a22001817a 4500
005 - DATE AND TIME OF LATEST TRANSACTION
control field 20200610114828.0
010 ## - LCCN (DPL NO)
LC control number ENG-128178
020 ## - INTERNATIONAL STANDARD BOOK NUMBER
Terms of availability 950.00
International Standard Book Number 9788189412890
035 ## - SYSTEM CONTROL NUMBER
System control number EN-111710
037 ## - SOURCE OF ACQUISITION
Source of stock number/acquisition DBAD/PUB
082 ## - DEWEY DECIMAL CLASSIFICATION NUMBER
Classification number 338.4791
100 ## - MAIN ENTRY--PERSONAL NAME
Personal name Mathur,Akhil
245 ## - TITLE STATEMENT
Title Nature Tourism/
Statement of responsibility, etc by Akhil Mathur
260 ## - PUBLICATION, DISTRIBUTION, ETC. (IMPRINT)
Place of publication, distribution, etc Delhi
Name of publisher, distributor, etc Avishkar Prakashan
Date of publication, distribution, etc 2018
270 ## - ADDRESS
Address L-20/13, Street No.5 Shivaji Marg, Kartar Nagar
City Delhi
Postal code 110053
300 ## - PHYSICAL DESCRIPTION
Extent vii;320p.
Dimensions 23cm(hb)
942 ## - ADDED ENTRY ELEMENTS (KOHA)
Source of classification or shelving scheme Dewey Decimal Classification
Item type English Books
Classification part 338.4791
Call number suffix MAT
Holdings
Withdrawn status Lost status Not for loan Collection code Home library Current library Date acquired Source of acquisition Cost, normal purchase price Full call number Barcode Copy number Cost, replacement price Koha item type
      Non-fiction Central Library Central Library 10/06/2020 DBAD/PUB 950.00 338.4791 MAT EN-111710 1 950.00 English Books

© Delhi Public Library
Hit Counter
free hit counter